Gendai shihon shugi /

Saved in:
书目详细资料
其他作者: Shionoya, Yūichi, 1932-
格式: 图书
语言:Japanese
出版: Tōkyō : Tōyō Keizai Shinpōsha, 1978.
丛编:Keizai taiseiron ; dai 3-kan.
主题:
标签: 添加标签
没有标签, 成为第一个标记此记录!
LEADER 01071nam a2200325 i 4500
001 007745724-2
005 20024617115958.0
008 901008s1978 ja b 000 0 jpn
010 |a 79813537 /J 
015 |a Ja78-26846 
035 0 |a ocm22478383 
040 |a DLC  |c WaU  |d *YNH*  |d CStRLIN 
050 0 |a HD85.J3  |b G43 
245 0 0 |6 880-01  |a Gendai shihon shugi /  |c Shionoya Yūichi hen. 
260 |6 880-02  |a Tōkyō :  |b Tōyō Keizai Shinpōsha,  |c 1978. 
300 |a x, 317 p. ;  |c 22 cm. 
490 1 |6 880-03  |a Keizai taiseiron ;  |v dai 3-kan 
504 |a Includes bibliographies. 
650 0 |a Economic policy. 
650 0 |a Capitalism. 
650 0 |a Property. 
700 1 |6 880-04  |a Shionoya, Yūichi,  |d 1932- 
880 0 0 |6 245-01  |a 現代資本主義 /  |c 塩野谷祐一編. 
880 |6 260-02  |a 東京 :  |b 東洋経済新報社,  |c 1978. 
880 1 |6 490-03  |a 経済体制論 ;  |v 第3卷 
880 1 |6 700-04  |a 塩野谷祐一,  |d 1932- 
830 0 |6 880-53  |a Keizai taiseiron ;  |v dai 3-kan. 
880 0 |6 830-53  |a 経済体制論 ;  |v 第3卷. 
988 |a 20021214 
906 |0 DLC